Coral and Associated Fauna: (Record no. 188488)

MARC details
000 -LEADER
fixed length control field 00585nam a22001817a 4500
005 - DATE AND TIME OF LATEST TRANSACTION
control field 20220525104933.0
010 ## - LCCN (DPL NO)
LC control number ENG-132814
020 ## - INTERNATIONAL STANDARD BOOK NUMBER
International Standard Book Number 9788181715555
Terms of availability 1270.00
035 ## - SYSTEM CONTROL NUMBER
System control number EN-116346
037 ## - SOURCE OF ACQUISITION
Source of stock number/acquisition DBAD/PUB
082 ## - DEWEY DECIMAL CLASSIFICATION NUMBER
Classification number 593.6095488
100 ## - MAIN ENTRY--PERSONAL NAME
Personal name Raghunathan, C.
245 ## - TITLE STATEMENT
Title Coral and Associated Fauna:
Remainder of title In Neil Island, south Andaman/
Statement of responsibility, etc C. Raghunathan
260 ## - PUBLICATION, DISTRIBUTION, ETC. (IMPRINT)
Place of publication, distribution, etc Kolkata
Name of publisher, distributor, etc Zoological Survey of India
Date of publication, distribution, etc 2020
270 ## - ADDRESS
Address 253, M-Block, New Alipore
City Kolkata
Postal code 700053
300 ## - PHYSICAL DESCRIPTION
Extent 148p
Other physical details Acknowledgements
Dimensions 24cm(pbk)
942 ## - ADDED ENTRY ELEMENTS (KOHA)
Source of classification or shelving scheme Dewey Decimal Classification
Item type English Books
Classification part 593.6095488
Call number suffix RAG
Holdings
Withdrawn status Lost status Not for loan Collection code Home library Current library Date acquired Source of acquisition Cost, normal purchase price Full call number Barcode Copy number Cost, replacement price Koha item type
    Not For Loan Non-fiction D.B.Act.Division D.B.Act.Division 25/05/2022 DBAD/PUB 1270.00 593.6095488 RAG EN-116346 2 1270.00 English Books

© Delhi Public Library
Hit Counter
free hit counter